| 000 | 00530nam a2200145 a 4500 | ||
|---|---|---|---|
| 008 | 120416s1983 ||||||||||||||||| || u | ||
| 050 | _aT 57.8 Mac | ||
| 100 | _aMcCormick, Garth P | ||
| 245 | 1 | 0 | _aNonlinear programming |
| 246 | _atheory, algorithms and applications | ||
| 260 |
_aNew York _bJohn Wiley and Sons _c[1983] |
||
| 300 | _axvii, 444p. : ill. | ||
| 350 | _a0.00 | ||
| 995 |
_D0.00 _FCBU-MAIN LIBRARY (Kitwe) _H1 _I0.00 _M1 _UAVAILABLE _ZAnnex Low-Usage Collection |
||
| 999 |
_c52350 _d52350 |
||